Les sortes de prix Nobel - Statistiques

Statistiques générales
  • Ce quiz a été pris 595 fois
  • Le résultat moyen est 4 sur 6
Statistiques - réponses
Prix % Correct
Prix Nobel de la Paix
96%
Prix Nobel de Physique
75%
Prix Nobel de Littérature
72%
Prix Nobel de Chimie
68%
Prix Nobel de Médecine
35%
Prix Nobel d' Économie
28%
Aucun quiz correspondant
Distribution des résultats
% des personnes avec chaque résultat
Percentile par nombre de réponses
Votre historique - résultats
Vous n’avez pas pris ce quiz